Evidencia dochádzky

Povinnosť zamestnávateľa viesť evidenciu pracovného času zamestnanca podľa § 99 Zákonníka práce. Vhodný spôsob evidencie pracovného času. Neospravedlnená absencia na pracovisku.

Enregistré dans:
Détails bibliographiques
Auteur principal: Mrukviová Tomiová, Sandra
Format: Chapitre de livre
Langue:slovaque
Sujets:
Tags: Ajouter un tag
Pas de tags, Soyez le premier à ajouter un tag!

MARC

LEADER 00000naa a2200000 4500
001 0286240
005 20240417075208.1
041 0 |a slo 
044 |a SK 
245 1 0 |a Evidencia dochádzky  |c Sandra Mrukviová Tomiová 
520 |a Povinnosť zamestnávateľa viesť evidenciu pracovného času zamestnanca podľa § 99 Zákonníka práce. Vhodný spôsob evidencie pracovného času. Neospravedlnená absencia na pracovisku. 
610 2 0 |a právo pracovné 
610 2 0 |a dochádzka do práce 
610 2 0 |a čas pracovný 
610 2 0 |a evidencia 
610 2 0 |a zákonník práce 
610 2 0 |a zamestnanci 
610 2 0 |a zamestnávatelia 
100 1 |a Mrukviová Tomiová, Sandra